Rethinking security paradigms in the face of external backlash: A case study in private security (Record no. 533243)
[ view plain ]
| 000 -LEADER | |
|---|---|
| fixed length control field | 01516nam a22001457a 4500 |
| 008 - FIXED-LENGTH DATA ELEMENTS--GENERAL INFORMATION | |
| fixed length control field | 260430b ||||| |||| 00| 0 eng d |
| 100 ## - MAIN ENTRY--PERSONAL NAME | |
| Personal name | Bagchi, Soumendra Narain and Sharma, Rajeev |
| 245 ## - TITLE STATEMENT | |
| Title | Rethinking security paradigms in the face of external backlash: A case study in private security |
| 260 ## - PUBLICATION, DISTRIBUTION, ETC. (IMPRINT) | |
| Place of publication, distribution, etc | Vikalpa: The Journal for Decision Makers |
| 300 ## - PHYSICAL DESCRIPTION | |
| Extent | 51(1), Jan-Mar, 2026: p.25-38 |
| 520 ## - SUMMARY, ETC. | |
| Summary, etc | Security of premises, assets and personnel form an essential requirement for commercial organisations. Lack of security impacts beyond the bottom-line, signalling a joint failure of organisation’s leadership and public governance, attracting more crime. The overloaded government’s police force can hardly dedicate resources to specific businesses. Private security firms, while offering a way out, create legal and socio-political challenges when, in line of duty, they resort to the use of firearms. In this article we research a manufacturing firm whose different security paradigm offers a rare insight into the hitherto relatively unexplored world of industrial security in an Indian context.-Reproduced https://journals.sagepub.com/doi/full/10.1177/02560909241292137?_gl=1*v7x4sd*_up*MQ..*_ga*NzUxNjcyODAyLjE3Nzc1 NDAxMjU.*_ga_60R758KFDG*czE3Nzc1NDAxMjUkbzEk ZzEkd DE3Nzc1NDAxNDAkajQ1JGwwJGgzNTU2NjEzMjE. |
| 650 ## - SUBJECT ADDED ENTRY--TOPICAL TERM | |
| Topical term or geographic name as entry element | Industrial security, Psychological, Deterrence, Attack dogs, Security paradigm |
| 9 (RLIN) | 60363 |
| 773 ## - HOST ITEM ENTRY | |
| Main entry heading | Vikalpa: The Journal for Decision Makers |
| 942 ## - ADDED ENTRY ELEMENTS (KOHA) | |
| Item type | Articles |
| Withdrawn status | Lost status | Source of classification or shelving scheme | Damaged status | Not for loan | Permanent location | Current location | Date acquired | Serial Enumeration / chronology | Barcode | Date last seen | Koha item type |
|---|---|---|---|---|---|---|---|---|---|---|---|
| Indian Institute of Public Administration | Indian Institute of Public Administration | 2026-04-30 | 51(1), Jan-Mar, 2026: p.25-38 | AR138754 | 2026-04-30 | Articles |
